000 00874nmm a2200325 a 4500
003 AR-BaBNM
005 20251128210107.0
008 219019s1996 ||||||||||||||000 | spa||
020 _a84-271-2044-3
040 _cAR-BaBNM
100 1 _aParrilla Latas, Angeles
245 1 0 _aApoyo a la escuela
260 _aBilbao
_bEdiciones Mensajero
_c1996
300 0 _a295 p.
650 4 _aORGANIZACION ESCOLAR
650 4 _aASISTENCIA TECNICA
650 4 _aACTITUD DE LA ESCUELA
650 4 _aASESORAMIENTO
650 4 _aASESORES PEDAGOGICOS
650 4 _aASESORAMIENTO DEL DOCENTE
650 4 _aCURRICULO
650 4 _aASESORAMIENTO DE GRUPO
650 4 _aCONDUCTA DEL GRUPO
650 4 _aACTIVIDADES DE LA CLASE
650 4 _aOBSERVACION DE LA CLASE
650 4 _aCONDUCCION DE LA CLASE
653 0 _aCAMBIO EDUCATIVO
942 _cBK
998 _cRaquel
999 _c14019
_d14019